Innovative Reward Systems for the changing word place (Record no. 3035)

MARC details
000 -LEADER
fixed length control field 00406nam a22001697a 4500
005 - DATE AND TIME OF LATEST TRANSACTION
control field 20160618094129.0
008 - FIXED-LENGTH DATA ELEMENTS--GENERAL INFORMATION
fixed length control field 160618b xxu||||| |||| 00| 0 eng d
020 ## - INTERNATIONAL STANDARD BOOK NUMBER
ISBN 0-07-059843-6
041 ## - LANGUAGE CODE
Language code of text/sound track or separate title eng
082 ## - DEWEY DECIMAL CLASSIFICATION NUMBER
Item number 8069
100 ## - MAIN ENTRY--AUTHOR NAME
Personal name Wilson, Thomas B
245 ## - TITLE STATEMENT
Title Innovative Reward Systems for the changing word place
260 ## - PUBLICATION, DISTRIBUTION, ETC. (IMPRINT)
Name of publisher TMH
300 ## - PHYSICAL DESCRIPTION
Number of Pages 359
650 ## - SUBJECT ADDED ENTRY--TOPICAL TERM
Topical Term Management
942 ## - ADDED ENTRY ELEMENTS (KOHA)
Koha item type Books
Holdings
Lost status Damaged status Collection code Home library Current library Shelving location Date acquired Cost, normal purchase price Full call number Accession Number Koha item type
    MANAGEMENT JRU Library JRU Library SHELF-70 G 18/06/2016 375.00 8069 8069 Books